วารสารวิชาการซายน์เทค มรภ.ภูเก็ต (ระเบียนเลขที่ 97954)
| 000 -LEADER | |
|---|---|
| fixed length control field | 00656nas a22001937a 4500 |
| 003 - CONTROL NUMBER IDENTIFIER | |
| control field | NALT |
| 005 - DATE AND TIME OF LATEST TRANSACTION | |
| control field | 20210107160729.0 |
| 008 - FIXED-LENGTH DATA ELEMENTS--GENERAL INFORMATION | |
| fixed length control field | 210107b th |||p| |||| 00| 0 tha d |
| 022 ## - INTERNATIONAL STANDARD SERIAL NUMBER | |
| International Standard Serial Number | 2586890X |
| 040 ## - CATALOGING SOURCE | |
| Original cataloging agency | NALT |
| 245 00 - TITLE STATEMENT | |
| Title | วารสารวิชาการซายน์เทค มรภ.ภูเก็ต |
| 260 ## - PUBLICATION, DISTRIBUTION, ETC. | |
| Place of publication, distribution, etc. | มหาวิทยาลัยราชภัฏภูเก็ต |
| 310 ## - CURRENT PUBLICATION FREQUENCY | |
| Current publication frequency | รายหกเดือน |
| 500 ## - GENERAL NOTE | |
| General note | วารสารอิเล็กทรอนิกส์ |
| 850 ## - HOLDING INSTITUTION | |
| Holding institution | NALT |
| 856 ## - ELECTRONIC LOCATION AND ACCESS | |
| Uniform Resource Identifier | <a href="https://ph01.tci-thaijo.org/index.php/pkruscitech/index">https://ph01.tci-thaijo.org/index.php/pkruscitech/index</a> |
| 942 ## - ADDED ENTRY ELEMENTS (KOHA) | |
| Koha item type | Journal/Magazine |
| 998 ## - STAFF NAME (NALT) | |
| -- | 755 |
| -- | 755 |
| -- | จินตนา เอี่ยมคง |
ไม่มีตัวเล่มให้บริการ
